000
00306nam a22001337a 4500
008
170906b xxu||||| |||| 00| 0 eng d
020
_a
0205084079
041
_a
eng
080
_2
5TH
_a
72
100
_a
41
101
_a
ARK
245
_a
ARCHITECTURAL DRAFTING AND DESIGN
_c
WEIDHAAS,E.R
942
_2
udc
_c
BK
999
_c
26247
_d
26247